000 02856cam a2200409 i 4500
001 19986324
003 NUST
005 20220825160553.0
008 170911s2018 nyu 000 0 eng
010 _a 2017041919
020 _a9781580056779 (hardback)
038 _aAzhar
040 _aDLC
_beng
_cDLC
_erda
_dDLC
042 _apcc
043 _an-us---
050 0 0 _aE184.A1
_bO454 2018
082 0 0 _a305.800973
_bOLU
084 _aSOC001000
_aSOC056000
_aPOL004000
_2bisacsh
100 1 _aOluo, Ijeoma,
_eauthor.
_997320
245 1 0 _aSo you want to talk about race
_cIjeoma Oluo.
250 _aFirst edition.
260 _aNew York, NY :
_bSeal Press,
_c2018
300 _av, 248 pages ;
_c24 cm
336 _atext
_btxt
_2rdacontent
337 _aunmediated
_bn
_2rdamedia
338 _avolume
_bnc
_2rdacarrier
520 _a"A current, constructive, and actionable exploration of today's racial landscape, offering straightforward clarity that readers of all races need to contribute to the dismantling of the racial divide. In So You Want to Talk About Race, Editor at Large of The Establishment, Ijeoma Oluo offers a contemporary, accessible take on the racial landscape in America, addressing head-on such issues as privilege, police brutality, intersectionality, micro-aggressions, the Black Lives Matter movement, and the "N" word. Perfectly positioned to bridge the gap between people of color and white Americans struggling with race complexities, Oluo answers the questions readers don't dare ask, and explains the concepts that continue to elude everyday Americans. Oluo is an exceptional writer with a rare ability to be straightforward, funny, and effective in her coverage of sensitive, hyper-charged issues in America. Her messages are passionate but finely tuned, and crystalize ideas that would otherwise be vague by empowering them with aha-moment clarity. Her writing brings to mind voices like Ta-Nehisi Coates and Roxane Gay, and Jessica Valenti in Full Frontal Feminism, and a young Gloria Naylor, particularly in Naylor's seminal essay "The Meaning of a Word.""--
_cProvided by publisher.
650 0 _aIntercultural communication.
_912564
650 7 _aSOCIAL SCIENCE / Ethnic Studies / African American Studies.
_2bisacsh
_997321
650 7 _aSOCIAL SCIENCE / Black Studies (Global).
_2bisacsh
_997322
650 7 _aPOLITICAL SCIENCE / Political Freedom & Security / Civil Rights.
_2bisacsh
_997323
651 0 _aUnited States
_xRace relations.
_91188
776 0 8 _iOnline version:
_aOluo, Ijeoma, author.
_tSo you want to talk about race
_bFirst edition.
_dNew York, NY : Seal Press, 2018
_z9781580056786
_w(DLC) 2017043938
906 _a7
_bcbc
_corignew
_d1
_eecip
_f20
_gy-gencatlg
942 _2ddc
_cLC
999 _c591022
_d591022